Statistiques concernant Personnages de Slam Dunk

Cliquez ici pour prendre le quiz!

Statistiques générales

  • Ce quiz a été pris 12 fois
  • Le résultat moyen est 11 sur 30

Statistiques - réponses

HintRéponse% Correct
Personnage Principale
Membre de Shohoku
Ailier Fort
Génie des rebonds
Ancien délinquent
Sakuragi Hanamichi
100%
Membre de Shohoku
3ème Annéé
Ancien délinquent
MVP au collège
Arrière
Mitsui Hisashi
83%
Membre de Shohoku
2ème Année
Meneur
Miyagi Ryota
83%
Rival du précédent
Membre de Shohoku
Meilleur des 1ere années
Ailier
Rukawa Kaede
83%
Membre de Ryonan
Génie de Ryonan
Ailier
Sendo Akira
67%
Manager de ShohokuAyako
58%
Vice-Capitaine de Shohoku
3ème Annéé
Alias "Lunettes"
Ailier
Kogure Kiminobu
58%
Sœur du Capitaine de Shohoku
"2ème Manager"
Akagi Haruko
50%
Capitaine de Shohoku
3ème Année
Alias "Gorille"
Pivot
Akagi Takenori
50%
Coach de ShohokuAnzai Mitsuyoshi
42%
Capitaine de Kainan
Meneur
Maki Shinichi
42%
Capitaine de Ryonan
Alias "Patron Singe"
Pivot
Uozumi Jun
42%
Membre de Kainan
Arrière
Jin Soichiro
33%
Capitaine et Coach de Shoyo
Meneur
Fujima Kenji
25%
Membre de Ryonan
Ailier Fort
Fukuda Kicchou
25%
Membre de Shoyo
Pivot
Hanagata Toru
25%
Membre de Kainan
Alias "Singe Sauvage"
Ailier
Kiyota Nobunaga
25%
Ami délinquent du personnage principaleMito Yohei
25%
Ami délinquent du personnage principaleTakamiya Nozomi
25%
Membre de Ryonan
Position Inconnue
"Manager"
Aida Hikoichi
17%
Sœur du "manager" de RyonanAida Yayoi
17%
Membre du club de Judo
Amie d'enfance du Capitaine de Shohoku
Aota Tatsuhiko
17%
Membre de Shoyo
Ailier/Arrière
Hasegawa Kazuchi
17%
Ancien subordonné d'un membre de ShohokuHotta Norio
17%
Membre de Ryonan
Ailier/Ailier Fort
Ikegami Ryoji
17%
Ami délinquent du personnage principaleNoma Chuichiro
17%
Ami délinquent du personnage principaleOkusu Yuji
17%
Coach de RyonanTaoka Moichi
17%
Membre de Kainan
Arrière
Miyamasu Yoshinori
8%
Coach de KainanTakato Riki
8%

Distribution des résultats

Percentile par nombre de réponses

% des personnes avec chaque résultat

Votre développement - résultats

Vous n’avez pas pris ce quiz